| 000 | 00526nam a2200169Ia 4500 | ||
|---|---|---|---|
| 008 | 231217s9999 xx 000 0 und d | ||
| 020 | _a8174463161 | ||
| 041 | _aEnglish | ||
| 082 | _a658.3125 RAO.2;1 R | ||
| 100 | _aRao, T V ed. Mahapatra, Gopal ed. Rao, Raju ed. etc | ||
| 245 | 0 | _a360 degree feedback and performance management system V.2 | |
| 260 |
_c2002 _bExcel Books _aNew Delhi |
||
| 300 | _axii+267 | ||
| 500 | _aContent page available | ||
| 650 | _a360,degree,feedback,performance,management | ||
| 942 | _cAA | ||
| 999 |
_c181190 _d181190 |
||